Quizzes
Events
Quiz Creation
Community
Videos
Private Events
Remove Ads
Sign In
Join for FREE
Feedback
Dark Mode
Quiz Categories
Sports
Geography
Music
Movies
Television
Just For Fun
Miscellaneous
History
Literature
Language
Science
Gaming
Entertainment
Religion
Holiday
For Kids
Quiz Lab
Recent
Popular Today
Quiz Kudos Today
Editor Picks
Curator Picks
Quizzes by...
Day
Popularity
Type
Ratings
Length
Year
Community
Subscriptions
Recent Discussions
Orange Saloon
Badges
Playlists
Quests
Create
Leaderboards
Showdown
Live 5
Trivia Bingo
Activity
Puzzle Library
Sporcle Events
Private Events
Virtual Trivia
Globe League
Become a Host
Pub Owners
SporcleCon
Opinionation
Our Games
Videos
Blog
Mobile Apps
Partnerships
Remove Ads and Go Orange
Feedback
Geography
Country
Landmarks
City
State
Population
World
Capital
Continent
Flags
Europe
Africa
Asia
South America
North America
Oceania
Border
Canada
United Kingdom
Topography
United States
Geography
Country
Landmarks
City
State
Population
World
Capital
Continent
Flags
Europe
Africa
Asia
South America
North America
Oceania
Border
Canada
United Kingdom
Topography
United States
Random Quiz
Search Sporcle
×
Quiz Lab
Quiz Lab
Geography
Letter
Type in answers that appear in a list
Type in answers that appear in a list
Classic
Best Score? Go Orange.
Dutch cities by last letters (part 3) Stats
Can you name a city or town in the Netherlands for each of the given last letters?
By
Onno
20m
98 Questions
80 Plays
80 Plays
80 Plays
Comments
Comments
Give Quiz Kudos
Give Quiz Kudos
-
- Ratings
hide this ad
More Info
Replay
Link that replays current quiz
Next Quiz
Link to next quiz in quiz playlist
You Got
0%
They Got
Avg Score
48%
Avg Friend Score
Upgrade to see
Score Distribution
Jump to the score distribution portion of the page
Score
0/98
Timer
20:00
0
Plays Today
Last letters
City
% Correct
UDEN
Uden
91.3%
NGEN
Groningen
91.3%
OORN
Apeldoorn
88.8%
SEN
Assen
86.3%
MEN
Emmen
82.5%
IDEN
Leiden
81.3%
NEN
Nuenen
81.3%
TTEN
Putten
81.3%
AREN
Haren
80%
EUZEN
Terneuzen
80%
LDEN
Malden
78.8%
RDEN
Leeuwarden
78.8%
SDEN
Leusden
77.5%
KHUIZEN
Enkhuizen
77.5%
ARN
Baarn
77.5%
NVEEN
Heerenveen
76.3%
BORN
Born
76.3%
EGEN
Nijmegen
75%
OVEN
Eindhoven
75%
HEN
Zutphen
73.8%
RLEN
Heerlen
73.8%
UREN
Siddeburen
73.8%
HORN
Zuidhorn
73.8%
EVEEN
Hoogeveen
72.5%
XVEEN
Waddinxveen
72.5%
LTEN
Aalten
72.5%
ODEN
Roden
71.3%
THUIZEN
Voorthuizen
71.3%
AVEEN
Klazienaveen
70%
AGEN
Schagen
70%
OLEN
Tholen
70%
UTEN
Houten
70%
PEN
Kampen
68.8%
Last letters
City
% Correct
FHUIZEN
Vijfhuizen
66.3%
LEEN
Geleen
65%
ILEN
Beilen
65%
NHUIZEN
Zevenhuizen
65%
EREN
Dieren
63.8%
RGEN
Haaksbergen
62.5%
HTEN
Drachten
62.5%
ALEN
Rosmalen
60%
EDEN
Rheden
58.8%
STEN
Asten
58.8%
WVEEN
Nieuwveen
57.5%
CEN
Arcen
56.3%
OTEN
Voorschoten
56.3%
ERN
De Meern
53.8%
RVEEN
Surhuisterveen
51.3%
IN
Nieuwegein
51.3%
LVEEN
Amstelveen
50%
JEN
Rijen
50%
UVEEN
Rouveen
48.8%
ELEN
Tegelen
48.8%
NTEN
Dronten
47.5%
IVEN
Duiven
45%
ON
Rhoon
45%
NDEN
Lienden
43.8%
AVEN
Almere-Haven
43.8%
JN
Alphen aan den Rijn
42.5%
EHUIZEN
Driehuizen
40%
KEN
Hoevelaken
38.8%
OREN
Stompetoren
38.8%
WEN
Beneden-Leeuwen
38.8%
RTEN
Herten
36.3%
RHUIZEN
Vierhuizen
36.3%
ETEN
Gieten
33.8%
Last letters
City
% Correct
SVEEN
Roelofarendsveen
32.5%
JLEN
Vijlen
32.5%
AN
Oostzaan
31.3%
GDEN
Beegden
31.3%
GHUIZEN
Biddinghuizen
31.3%
ATEN
Margraten
30%
HEEN
De Heen
23.8%
REEN
De Westereen
23.8%
FEN
Geffen
23.8%
ULEN
Veulen
23.8%
ITEN
Almere-Buiten
23.8%
FTEN
Haaften
22.5%
JDEN
Terheijden
21.3%
EVEN
Hoeven
21.3%
DHUIZEN
Meedhuizen
20%
JVEEN
Gasselternijveen
17.5%
BEEN
Heesbeen
16.3%
UGEN
Beugen
16.3%
IEN
Rien
16.3%
TVEN
't Ven
15%
FVEN
Calfven
11.3%
AHUIZEN
Delfstrahuizen
11.3%
TEEN
Sint Jansteen
8.8%
LGEN
Swolgen
8.8%
MDEN
Westeremden
6.3%
GGEN
Driebruggen
5%
LLEN
De Pollen
3.8%
XEN
Herxen
3.8%
MHUIZEN
Saaxumhuizen
3.8%
RVEN
Zandwerven
2.5%
RREN
Sibrandabuorren
1.3%
HUZEN
Hantumhuizen
0%
Quiz Playlist
Details
Report
Send in Message
Add To Playlist
More Info:
Spaces, hyphens and accents are disregarded in this quiz. This quiz contains all places ending in 'N' except for Een, Veen & Huizen.
Classic:
Type in answers that appear in a list
Quiz Source
Last Updated: Apr 20, 2019
Quiz Scoreboard
CHALLENGE
Sign Up to Join the Scoreboard
Show All
Scores
Hide
Comments
May contain spoilers
Recently Published
Presidents Visiting Landmarks
by Hejman
History
7m
An Introduction to Baseball
by treessimontrees
Sports
5m
Movies - When Are They Set?
by FPL_Elf
Movies
5m
More to Explore
Quiz From the Vault
Featured Blog Post
Where Did the Easter Bunny Come From?
hide this ad
You Might Also Like...
Tags
City Quiz
Letter Quiz
dutch
Ending
Last Letter
Letter N
Netherlands
Suffix
Town
Today's Top Quizzes in Geography
Browse Geography
hide this ad
Today's Top Quizzes in Letter
Browse Letter
Top Contributed Quizzes in Geography
1
Countries of the World - No Outlines Minefield
2
Top 25 Cities of France on a map
3
Any capital of a 'B' country per Continent
4
Closest Countries to UK A-Z
5
One Thing in Common: United Kingdom
6
Any capital of a 'C' country per Continent
7
Find the Provinces of Canada - No Outlines Minefield
8
Any capital of a 'D' country per Continent
9
Find the US States - No Outlines
10
Blind Secret Country CLXXXVIII
Explore More
Trending Topics
Crossword
Disney
Harry Potter
Kpop
Anime
NBA
Marvel
Country
Puzzle
The Office
Song
Pokémon
WWE
Soccer
NFL
hide this ad
More By:
Onno
Quiz
Plays
Rating
Category
Featured
Created
Relatively Small US Capitals
241,489
4.72
Geography
May 15, 2010
Common Words in US Cities
173,925
4.75
Geography
Aug 20, 2011
US Cities Ending In...
173,657
4.55
Geography
Dec 19, 2009
Capital Trip
169,956
4.22
Geography
Feb 3, 2010
Country by Population Range
169,296
4.58
Geography
Oct 15, 2010
Go to Creator's Profile
Score Distribution
Quiz Creator Spotlight
Onno
Follow
Send a Message
Quizzes Created
-
Created Quiz Play Count
-
More By This Creator
Popular Quizzes Today
1
Find the US States - No Outlines Minefield
2
Find the Countries of Europe - No Outlines Minefield
3
The Countries of the World
4
Popular People in 1961
5
Find the US States
6
US States
7
Risky Map Clicking: Biggest States A-Z
8
1-10 Letter E Words III
More Geography Quizzes
Cover the Alphabet - Asian Countries
Published
Trending Quizzes
Risky Map Clicking: Least Populous States A-Z
1-10 Letter F Words
1-10 Letter G Words
One Thing in Common: United Kingdom
Risky Map Clicking: Next State Alphabetically
Recently Updated
Leaping Animals
pecheneg
Reality TV Shows (A-Z)
bhenderson79
Rickey Henderson's Hall of Fame Teammates
pecheneg
Champions League XIs: Arsenal
pecheneg
Quick Pick: Celebrities in WWE's Hall of Fame
aduchscher
A-Z Keypad Blitz II
pecheneg
Multiple Oscar Actors
pecheneg
Mystery Phrase Blitz: Oscar 'Best Actors'
pecheneg
F. Scott Fitzgerald Novels
LTH
Pick 3 Villains
ddd62291
Trending Topics
Kpop
Crossword
Disney
Anime
Marvel
NBA
Harry Potter
Pokémon
WWE
Puzzle
Soccer
Country
The Office
Song
NFL
Your Account Isn't Verified!
In order to create a playlist on Sporcle, you need to verify the email address you used during registration. Go to your
Sporcle Settings
to finish the process.
Report this User
Report this user for behavior that violates our
Community Guidelines
.
Details:
Send Report
Go to the Sporcle.com Mobile Site →
Comments